| 000 | 01116nam a2200265 a 4500 | ||
|---|---|---|---|
| 001 | 39066 | ||
| 003 | BD-RjUL | ||
| 005 | 20211209052918.0 | ||
| 008 | 160404s2000 bg ||||e |||| 001 0 ben d | ||
| 020 |
_a9840740725 : _cTK.140.00 |
||
| 035 | _a(BD-RjUL)39177 | ||
| 040 |
_aBD-RjUL _bben _cBD-RjUL |
||
| 041 | _aben | ||
| 082 |
_223 _bALB 2000 _a891.440903 |
||
| 100 |
_aআলম, মাহমুদ উল _9120578 |
||
| 245 | 1 | 0 |
_aবাংলা কথাসাহিত্য যুদ্ধজীবন : _b[১৮৬৫-১৯৪৭] / _cমাহমুদ উল আলম |
| 260 |
_aঢাকা : _bবাংলা একাডেমী, _c২০০০. |
||
| 300 |
_a[১৬], ৪০৭ পৃ. ; _c২২ সেমি |
||
| 490 |
_aবা এ : _v৪০৬৩ |
||
| 504 | _aগ্রন্থপঞ্জি ও নির্ঘণ্ট সংযুক্ত | ||
| 650 |
_aবাংলা সাহিত্য _xইতিহাস ও সমালোচনা _9118060 |
||
| 650 |
_aBengali Literature _xHistory and Criticism _9117020 |
||
| 830 |
_aবা এ : _v৪০৬৩ _9119822 |
||
| 942 |
_2ddc _cBK |
||
| 999 |
_c39066 _d39066 |
||